Optimalizácia nástroja na zúženie rúr tlmiča
Enregistré dans:
| Auteur principal: | |
|---|---|
| Autres auteurs: | |
| Format: | Manuscrit Livre |
| Langue: | slovaque |
| Publié: |
2019
|
| Sujets: | |
| Accès en ligne: | http://is.stuba.sk/zp/portal_zp.pl?podrobnosti=134402 |
| Tags: |
Pas de tags, Soyez le premier à ajouter un tag!
|
MARC
| LEADER | 00000ntm a22000003a 4500 | ||
|---|---|---|---|
| 001 | stuzp73960 | ||
| 003 | SK-STU | ||
| 005 | 20190622211441.9 | ||
| 007 | ta | ||
| 008 | 150427s2015----xo-----f-mn---000-0-slo-d | ||
| 040 | |a STU |b slo | ||
| 041 | 0 | |a slo | |
| 100 | 1 | |a Havran, Filip |u 063000 |4 aut |U MTF Materiálovotechnologická fakulta |T MTF Ústav výrobných technológií |X 85530 |U M3000 |Y 83 |7 85530 | |
| 242 | 0 | 1 | |a Optimalization of tool on tube reduction for damper |y eng |
| 245 | 1 | 0 | |a Optimalizácia nástroja na zúženie rúr tlmiča |
| 260 | |c 2019 | ||
| 650 | 4 | |a výroba rúr |2 slo | |
| 650 | 4 | |a tvárnenie rúr |2 slo | |
| 650 | 4 | |a zužovanie |2 slo | |
| 650 | 4 | |a nástrojové materiály |2 slo | |
| 650 | 4 | |a tubes manufacturing |2 eng | |
| 650 | 4 | |a tubes forming |2 eng | |
| 650 | 4 | |a swaging |2 eng | |
| 650 | 4 | |a tool materials |2 eng | |
| 700 | 1 | |a Bílik, Jozef |u 063400 |k Z1 |4 ths |U MTF Ústav výrobných technológií |T MTF Katedra tvárnenia kovov a plastov |X 1547 |U M3400 |Y 163 |7 A000001547 | |
| 856 | 4 | |u http://is.stuba.sk/zp/portal_zp.pl?podrobnosti=134402 | |
| 996 | |c M* BP-8644 |l MMSKP |s P |a 0 |w stuzp73960_0001 | ||